Tivat Airport Destinations (Tivat, Montenegro) - Statistics

General Stats
  • This quiz has been taken 106 times
    25 since last reset
  • The average score is 38 of 48
Answer Stats
Airline Destination % Correct
TUI fly Netherlands Amsterdam
100%
easyJet/Eurowings Berlin
100%
TUI fly Belgium Brussels
100%
flydubai Dubai (International)
100%
Air Montenegro/Turkish Airlines Istanbul
100%
easyJet London (Gatwick)
100%
British Airways London (Heathrow)
100%
easyJet London (Luton)
100%
Jet2.com London (Stansted)
100%
Air Montenegro/LOT Polish Airlines Warsaw (Chopin)
100%
Air Montenegro/Azerbaijan Airlines Baku
95%
Air Montenegro/Air Serbia Belgrade
95%
Norwegian Air Shuttle/Scandinavian Airlines Copenhagen
95%
Lufthansa Frankfurt
95%
Luxair Luxembourg
95%
airBaltic/Heston Airlines/Norwegian Air Shuttle Riga
95%
Scandinavian Airlines Stockholm (Arlanda)
95%
Austrian Airlines Vienna
95%
Edelweiss Air Zürich
95%
Jet2.com Birmingham
91%
easyJet Geneva
91%
Iberia Madrid
91%
Lufthansa Munich
91%
Norwegian Air Shuttle/Scandinavian Airlines Oslo
91%
Heston Airlines/SmartLynx Airlines Estonia Tallinn
91%
Vueling Barcelona
86%
Transavia Paris (Orly)
86%
Eurowings Düsseldorf
82%
Norwegian Air Shuttle Helsinki
82%
easyJet/Jet2.com Manchester
82%
Air Serbia Niš
82%
Avion Express/Heston Airlines Vilnius
82%
Air Montenegro Prague
77%
Uzbekistan Airlines Tashkent
77%
arkia/Israir/Sun d'Or Tel Aviv
77%
Jazeera Airways Kuwait City
68%
easyJet Bristol
64%
Eurowings Stuttgart
64%
FlyOne Yerevan
64%
FlyOne/SkyUp Chișinău
55%
Air Montenegro Brno
50%
SkyUp Gdansk
50%
Air Montenegro/Enter Air/SkyUp Katowice
45%
Air Montenegro Ljubljana
41%
Air Montenegro İzmir
36%
Smartwings Salzburg
36%
Air Serbia Kraljevo
27%
SkyUp Rzeszów
18%
No matching quizzes found
Score Distribution
Percent of People with Each Score
Percentile by Number Answered
Your Score History
You have not taken this quiz since the last reset